000 00907cam a22001814a 4500
005 20250605164344.0
008 250528s ||||||||||||||||||||||||d
035 _a23781
040 _aGR-AtMCL
_bgre
_dGR-AtMCL
_eAACR2
245 1 _aThe Tourism Development in Greece and Specifically in Lefkada
260 _c2008
300 _a62
520 _aIntroduction, Literature Review, Definitions of Tourism, Alternative Forms of Tourism, Methodology, Definition of the Problem, Data Requirements, Collecting Secondary Data, Collecting Primary Data, Analysis and Results, the Development of Greek Tourism, the Development of Tourism in Greek Islands, the main Profile of Municipalities, the Tourist Demands, the Realisations, Conclusion, Reflections and Self Development, Bibliography, Questionnaire, Appendix.
700 1 _aLoparnaki Theodora
_99313
942 _cDS
999 _c8718
_d8718